MARC

LEADER 00000nam0a2200000 4500
001 106036
005 20231101214639.0
020 |a RU  |b 84-66264 
035 |a (RuTPU)RU\TPU\book\114429 
090 |a 106036 
100 |a 20061130d1984 m y0rusy5003 ca 
101 0 |a rus 
102 |a RU 
105 |a a j 001zy 
200 1 |a Примеры и задачи по курсу процессов и аппаратов целлюлозно-бумажного лесохимического и гидролизного производства  |e учебное пособие  |f Ю. Н. Болдырев, А. А. Зорин, В. В. Попов 
205 |a 2-е изд., перераб. и доп. 
210 |a Москва  |c Лесная промышленность  |d 1984 
215 |a 221 с.  |c ил.  |d 22 см 
320 |a Библиогр.: с. 218-219 
606 1 |a Целлюлозно-бумажное производство  |2 stltpush  |3 (RuTPU)RU\TPU\subj\18021  |9 43557 
606 1 |a Лесохимические предприятия  |x Оборудование  |x Экономика  |x Электрооборудование  |x Организация и планирование  |2 stltpush  |3 (RuTPU)RU\TPU\subj\40045  |9 59920 
606 1 |a Гидролизное производство  |x Механизация и автоматизация  |2 stltpush  |3 (RuTPU)RU\TPU\subj\31789  |9 54548 
610 1 |a задачи 
610 1 |a примеры 
610 1 |a тепловые процессы 
610 1 |a горение 
610 1 |a массообменные процессы 
610 1 |a абсорбция 
610 1 |a ректификация 
610 1 |a промывка 
610 1 |a экстракция 
610 1 |a сушка 
610 1 |a учебные пособия 
675 |a 676(076)  |z rus  |v 4 
675 |a 630.8(076)  |z rus  |v 4 
675 |a 66.093(076)  |z rus  |v 4 
700 1 |a Болдырев  |b Ю. Н.  |g Юрий Никифорович  |4 070 
701 1 |a Попов  |b В. В.  |g Владислав Васильевич 
701 1 |a Зорин  |b А. А.  |g Анатолий Александрович 
801 0 |a RU  |b RuMRKP  |c 19950704  |g psbo 
801 1 |a RU  |b 63413507  |c 20061130  |g PSBO 
801 2 |a RU  |b 63413507  |c 20180212  |g PSBO 
942 |c BK